[Event "Lidums Checkmate Op"]
[Site "Adelaide"]
[Date "2007.07.08"]
[Round "6.19"]
[White "McColl, Kevin"]
[Black "Ajith, Chol Solomon"]
[Result "0-1"]
[Annotator "Fritz 10"]
[BlackElo "1430"]
[EventCountry "AUS"]
[EventDate "2007.07.07"]
[EventRounds "7"]
[EventType "swiss"]
[PlyCount "60"]
[WhiteElo "1900"]

{ C44: Ponziani Opening and Scotch Gambit } 1. e4 e5 2. Nf3 Nc6 3. d4 exd4 4.
Bc4 Bb4+ 5. c3 dxc3 6. bxc3 Ba5 7. O-O d6 8. Ng5 ( 8. Qb3 Qe7 9. Re1 ( 9. e5
dxe5 10. Ba3 Qf6 11. Nbd2 Nh6 12. Rae1 Bb6 13. Nxe5 Nxe5 14. Qb5+ Bd7 15. Rxe5+
Kd8 16. Qd5 c6 17. Qe4 Re8 18. Rxe8+ Bxe8 19. Nf3 Kc7 20. Bc1 Nf5 21. Rd1 Bc5
22. Bg5 Nd6 23. Rxd6 { 1-0 Ker,A  ( 2330 ) -Davies,G/Queenstown 2006/CBM 110
ext}  )9... Bb6 10. e5 Nxe5 11. Nxe5 dxe5 12. Ba3 c5 13. Bb5+ Kf8 14. c4 Nf6
15. Bb2 Bc7 16. f4 e4 17. Nc3 Bf5 18. Ne2 h5 19. Ng3 Bg6 20. Rad1 Bxf4 21. Bxf6
gxf6 22. Rd7 Qe6 { Tomilova,E  ( 2229 ) -Malicheva,P  ( 2349 ) /Sochi 2004/CBM
100 ext/0-1  ( 50 )}  )8... Ne5 $146 ( 8... Nh6 9. Qd5 O-O 10. Be3 Bb6 11. Kh1
Qf6 12. h3 Ne7 13. Qd3 c6 14. e5 Qg6 15. Qxg6 hxg6 16. exd6 Nef5 17. Nf3 Nxd6
18. Nbd2 Re8 19. Rad1 Nxc4 20. Nxc4 Bf5 21. Nxb6 axb6 { 0-1 Sia Xin Yun,S  (
1964 ) -Le Thi Ha/Thailand 2005/CBM 106 ext}  )( 8... Nh6 $17 $142)9. Nxf7 $14
Nxf7 10. Bxf7+ Kxf7 { Black wins a piece}  11. Qh5+ g6 12. Qxa5 Nf6 { Black
threatens to win material: Nf6xe4}  13. Bg5 Re8 14. Nd2 Re5 15. Bxf6 Kxf6 (
15... Rxa5 $4 { too greedy}  16. Bxd8 Rc5 17. Rfc1 $18 )16. Qb4 c5 17. Qb2 Kf7
( 17... Rh5 18. f4 b6 19. Nc4 $16 )18. f4 ( 18. Rad1 Kg8 19. f3 Qh4 $18 )18...
Rh5 ( 18... Re7 19. Rad1 Bg4 20. Rde1 $16 )19. Nf3 ( 19. Nc4 Kg8 20. Rad1 Bg4
$18 )19... b6 ( 19... Kg8 $5 $16)20. Rad1 $18 Qe7 21. Qd2 Ba6 $2 ( 21... Bg4
22. e5 Kg7 23. exd6 $18 )22. Rf2 ( 22. g4 $5 $142 { might be the shorter path} 
22... Kg7 23. gxh5 Bxf1 24. Rxf1 Rf8 $18 )22... Rd8 ( 22... Kf8 23. Qxd6 Re8
24. g4 $18 )23. g4 ( 23. Ne5+ $142 { makes it even easier for White}  23...
dxe5 24. Qxd8 Qxd8 25. Rxd8 $18 )23... Rh3 $4 { the final mistake, not that it
matters anymore}  ( 23... Rh4 24. h3 Bb7 $18 )24. Ng5+ Kg8 25. Qd5+ Kh8 ( 25...
Kg7 { does not solve anything}  26. Nxh3 Bb7 27. Qd3 $18 )26. Nxh3 Bb7 ( 26...
Bc8 { is not the saving move}  27. f5 gxf5 28. gxf5 Rg8+ 29. Rg2 Rxg2+ 30. Kxg2
$18 )27. Qc4 ( 27. Qg5 $142 { ends the debate}  27... Qxg5 28. Nxg5 Kg8 $18
)27... Qh4 28. Rd3 Qxg4+ ( 28... d5 { cannot change destiny}  29. Qa4 Qxg4+ 30.
Rg3 $18 )29. Rg2 ( 29. Rg3 d5 30. Qf1 Qc8 $18 )29... Qh4 30. Ng5 ( 30. Re2 $142
{ it becomes clear that White will call all the shots}  30... Qg4+ 31. Rg3 $18
)30... Qe1#  0-1

[Event "Lidums Checkmate Op"]
[Site "Adelaide"]
[Date "2007.07.08"]
[Round "6.20"]
[White "Zulfic, Fedja"]
[Black "Slidziunas, John"]
[Result "1-0"]
[Annotator "Fritz 10"]
[BlackElo "1671"]
[EventCountry "AUS"]
[EventDate "2007.07.07"]
[EventRounds "7"]
[EventType "swiss"]
[PlyCount "65"]
[WhiteElo "1809"]

{ D30: Queen's Gambit Declined: Systems without Nc3 } 1. d4 Nf6 2. c4 e6 3. Nf3
d5 4. e3 Be7 5. Nbd2 O-O 6. Bd3 dxc4 ( 6... b6 7. O-O Bb7 8. Qc2 Nbd7 9. b3 h6
( 9... c5 10. Ba3 Rc8 11. Ne5 h6 12. Ndf3 cxd4 13. Bxe7 Qxe7 14. exd4 dxc4 15.
bxc4 Nxe5 16. dxe5 Nd5 17. Bh7+ Kh8 18. Be4 b5 19. Rfc1 Rxc4 20. Qb1 Nc3 21.
Rxc3 Rxc3 22. Bxb7 Qxb7 23. Qb4 Rfc8 24. h3 { Baron,R  ( 1973 ) -Boussaha,B  (
1877 ) /Elancourt 2005/CBM 105 ext/0-1  ( 38 )}  )10. Bb2 c5 11. Rac1 cxd4 12.
Nxd4 Nc5 13. Be2 Rc8 14. Rfd1 Bd6 15. Qb1 Nfe4 16. Nxe4 Nxe4 17. Nf3 Qe7 18.
Qa1 f6 19. h3 Rfd8 20. Qb1 Bb8 21. Nd4 { Koneru,H  ( 2508 ) -Kosintseva,T  (
2486 ) /Krasnoturinsk 2005/CBM 107 ext/1-0  ( 60 )}  )7. Nxc4 c5 $146 ( 7...
Nbd7 8. O-O c5 9. e4 b5 10. Ncd2 c4 11. Bb1 Bb7 12. e5 Nd5 13. Ne4 h6 14. a3 a5
15. Re1 Qc7 16. Qc2 f5 17. exf6 N5xf6 18. Nxf6+ Rxf6 19. Qh7+ Kf8 20. Ne5 Ke8
21. Qxg7 Bf8 22. Qg8 { Margolin,E  ( 2222 ) -Golub,D  ( 2089 ) /Budva 2003/CBM
096 ext/1-0  ( 33 )}  )8. dxc5 Bxc5 9. O-O { White castles and improves king
safety}  9... Nc6 10. a3 { Consolidates b4}  10... a6 ( 10... b5 $5 11. Nce5
Nxe5 12. Nxe5 Bb7 $11 )11. b4 { White threatens to win material: b4xc5}  11...
Ba7 ( 11... Be7 12. Nfe5 $14 )12. Bb2 $16 b5 ( 12... Nd5 13. Qc2 f5 14. e4 $16
)13. Nd6 $1 { Double attack: d6/g8}  13... Bb8 ( 13... Qxd6 14. Bxh7+ { Double
attack}  )14. Nxc8 $18 Qxc8 ( 14... Bc7 15. Bxf6 Qxf6 16. Be4 Raxc8 17. Bxc6
Bxh2+ 18. Kxh2 Rxc6 19. Rc1 $18 )15. Bxf6 ( 15. Rc1 { keeps an even firmer
grip}  15... e5 16. Bxe5 Bxe5 17. Nxe5 Nxe5 18. Rxc8 Raxc8 $18 )15... gxf6 16.
Rc1 Ra7 ( 16... f5 17. Nd4 Bxh2+ 18. Kh1 Qd8 19. Rxc6 Be5 $18 )17. Nd4 Rc7 (
17... Bxh2+ { is no salvation}  18. Kh1 Bb8 19. Qh5 $18 )18. Qg4+ Kh8 19. Nxc6
( 19. Qh4 $142 { seems even better}  19... f5 20. Bxf5 f6 21. Nxe6 Rff7 $18
)19... f5 20. Qd4+ f6 21. Ne7 $1 { Deflection: c7}  21... Qe8 ( 21... Rxe7 22.
Qc5 { Double attack}  ( 22. Rxc8 { Discovered attack} )( 22. Rxc8 { Pinning} )(
22. Rxc8 { Deflection} )( 22. Qc5 { Decoy} )( 22. Rxc8 { Clearance} ))22. Rxc7
Bxc7 23. Qc5 Be5 ( 23... Qb8 { doesn't change anything anymore}  24. Nc6 Bxh2+
25. Kh1 $18 )24. Nc6 Bxh2+ ( 24... Qc8 { doesn't change the outcome of the
game}  25. a4 Bb2 26. Rb1 $18 )25. Kxh2 Qh5+ ( 25... Rg8 { doesn't get the cat
off the tree}  26. g3 Qd7 27. Nd4 $18 )26. Kg1 Rg8 27. Qd6 Qf3 ( 27... f4 { a
fruitless try to alter the course of the game}  28. Qxe6 Rf8 29. exf4 $18 )28.
g3 f4 29. Qxf4 Qxc6 ( 29... Qxf4 { no good, but what else?}  30. exf4 Rc8 $18
)30. Qxf6+ Rg7 31. Qd8+ ( 31. Bf5 Qe8 32. Bxe6 Qxe6 33. Qxe6 Rd7 34. Qxd7 h5
35. Rc1 h4 36. Rc8# )31... Rg8 32. Qd4+ Rg7 33. Be4 ( 33. Be4 Qd7 34. Rc1 Qxd4
35. Rc8+ Rg8 36. Rxg8+ ( 36. exd4 { is not possible}  36... Rxc8 37. Bb7 Rc3
$17 )36... Kxg8 37. exd4 $18 ) 1-0

[Event "Lidums Checkmate Op"]
[Site "Adelaide"]
[Date "2007.07.08"]
[Round "6.22"]
[White "Huynh, Arthur"]
[Black "Hvistendahl, Robert"]
[Result "0-1"]
[Annotator "Fritz 10"]
[BlackElo "1855"]
[EventCountry "AUS"]
[EventDate "2007.07.07"]
[EventRounds "7"]
[EventType "swiss"]
[PlyCount "94"]
[WhiteElo "1833"]

{ D48: Semi-Slav: Meran System: 7...b5 8 Bd3 a6 } 1. d4 d5 2. Nf3 c6 3. c4 e6 4.
e3 Nf6 5. Nc3 Nbd7 6. Bd3 dxc4 7. Bxc4 b5 8. Bd3 a6 9. Ne4 Bb7 10. Qc2 $146 (
10. Nxf6+ Nxf6 11. O-O c5 12. Be2 Qd5 13. dxc5 Bxc5 14. Qxd5 Nxd5 15. a3 Rc8
16. Bd2 Ke7 17. Rac1 Rhd8 18. b4 Bb6 19. Rxc8 Rxc8 20. Rc1 Rxc1+ 21. Bxc1 Nc3
22. Kf1 Nxe2 23. Kxe2 Bc7 24. g3 f6 { Seguelong,P-Cwiek,P/Condom 2004/CBM 101
ext/0-1  ( 53 )}  )( 10. O-O c5 11. Nxc5 Nxc5 12. dxc5 Bxc5 13. Be2 O-O 14.
Qxd8 Rfxd8 15. Bd2 Bb6 16. Rfd1 Ne4 17. Be1 Rac8 18. Rac1 Bd5 19. b3 Bc5 20.
Ba5 Re8 21. Bd3 Ba3 22. Rc2 Nc5 23. Ne1 Nxd3 24. Rxc8 Rxc8 { Schilling,C  (
1649 ) -Niethammer,C  ( 1982 ) /Germany 2003/CBM 097 ext/0-1  ( 64 )}  )( 10.
a4 Nxe4 11. Bxe4 Nf6 $11 )10... Qb6 ( 10... Nxe4 11. Bxe4 f5 12. Bxc6 $11 )11.
a4 Nxe4 12. Bxe4 { Attacks the backward pawn on c6}  12... Nf6 13. Bd3 c5 14.
axb5 axb5 15. Rxa8+ Bxa8 16. dxc5 Bxc5 17. O-O O-O 18. Qe2 b4 19. e4 h6 {
Controls g5}  20. b3 Rd8 21. Bf4 ( 21. e5 Ne8 $11 )21... Bd4 $15 22. Rd1 $4 (
22. h3 $5 $15 $142 { and White can hope to survive} )22... Bxe4 $1 { the final
blow}  23. Nxd4 ( 23. Bxe4 Bxf2+ { Combination}  )23... Qxd4 ( { Weaker is }
23... Rxd4 24. Be3 Bxd3 25. Qb2 $16 )24. Bc2 Qb6 25. Rxd8+ Qxd8 26. Qd1 Qa8 27.
f3 Bxc2 28. Qxc2 Qa1+ 29. Qc1 $2 ( 29. Bc1 $19 $142)29... Qd4+ 30. Be3 Qd3 31.
g4 ( 31. Kf2 { hardly improves anything}  31... Nd5 $19 )31... Qxb3 32. Kg2 (
32. Kf2 { cannot change what is in store for ?}  32... Qa2+ 33. Kg3 b3 $19
)32... Qa2+ ( 32... Nd5 $5 { seems even better}  33. Bd4 Qd3 34. Ba1 Qe2+ 35.
Kg3 $19 )33. Kg3 b3 34. Bd4 Qc2 35. Qa1 ( 35. Qf4 { does not save the day} 
35... Nd7 36. Qd6 Nf8 $19 )35... Qc7+ ( 35... Qd3 { makes it even easier for
Black}  36. Kf2 Qd2+ 37. Kg3 $19 )36. Kg2 ( 36. Be5 { praying for a miracle} 
36... Qc5 37. Qd4 $19 )36... Nd5 37. Bxg7 ( 37. Be5 { the last chance for
counterplay}  37... Qc4 38. Kf2 $19 )37... Nf4+ 38. Kf2 Qc2+ 39. Kg3 Nd3 40.
Bd4 ( 40. Qd4 { does not help much}  40... e5 41. Bxe5 Nxe5 42. Qxe5 b2 $19
)40... e5 $1 { Double attack: f3/g3}  41. Bxe5 ( 41. g5 { what else?}  41...
hxg5 42. Bxe5 Qf2+ 43. Kg4 Nxe5+ 44. Qxe5 Qg2+ 45. Qg3 Qxg3+ 46. hxg3 $19
)41... Qf2+ 42. Kh3 Nxe5 ( 42... Qxf3+ 43. Kh4 Nf2 44. Qa8+ Qxa8 45. Kg3 Ne4+
46. Kf3 Ng5+ 47. Ke3 Qf3+ 48. Kd4 b2 49. Kc5 b1=Q 50. Bb2 Ne6+ 51. Kd6 Qbd3+
52. Bd4 Qxd4+ 53. Ke7 Qd8# )43. Qxe5 Qxf3+ 44. Kh4 { White plans g5}  44... Qd3
( 44... Qf2+ 45. Kh3 b2 46. Qe8+ Kg7 47. Qe5+ Qf6 48. Qb8 Qf1+ 49. Kg3 $19 )45.
g5 ( 45. Qe8+ Kg7 46. Qe5+ Kh7 47. Qf6 $19 )45... hxg5+ 46. Kxg5 Qg6+ ( 46...
Qd8+ $142 { and the rest is a matter of technique}  47. Kf4 Qh4+ 48. Kf3 Qh3+
49. Ke4 Qg2+ 50. Kd3 Qc2+ 51. Ke3 b2 52. Qg3+ Kh7 53. Qh4+ Kg6 54. Qg3+ Kf6 55.
Qd6+ Kf5 56. Qd7+ Kg6 57. Qg4+ Kf6 58. Qh4+ Ke6 59. Qh6+ Qg6 60. Qxg6+ fxg6 $19
)47. Kh4 ( 47. Kf4 { there is nothing else anyway}  47... Qh6+ 48. Ke4 Qc6+ 49.
Kf4 Qc1+ 50. Kf3 Qf1+ 51. Kg3 Qd3+ 52. Kg4 $19 )47... Qh6+ ( 47... Qh6+ 48. Kg4
Qg7+ 49. Kf4 Qxe5+ 50. Kxe5 b2 $19 ) 0-1

[Event "Lidums Checkmate Op"]
[Site "Adelaide"]
[Date "2007.07.08"]
[Round "6.23"]
[White "Anderson-Smith, William"]
[Black "Gibbs, Glen B"]
[Result "0-1"]
[Annotator "Fritz 10"]
[BlackElo "1800"]
[EventCountry "AUS"]
[EventDate "2007.07.07"]
[EventRounds "7"]
[EventType "swiss"]
[PlyCount "94"]
[WhiteElo "1629"]

{ D53: Queen's Gambit Declined: 4 Bg5 Be7: Early deviations } 1. d4 d5 2. c4 e6
3. Nc3 Nf6 4. Bg5 Be7 5. e3 O-O 6. cxd5 Nxd5 7. Bxe7 Qxe7 8. Nxd5 exd5 9. Qc2
$146 ( 9. Rc1 c6 10. Bd3 Be6 11. Ne2 Nd7 12. O-O Nf6 13. Qc2 Rfe8 14. Rfe1 Rad8
15. Rb1 g6 16. b4 a6 17. a4 Rc8 18. Qb2 Ne4 19. b5 axb5 20. axb5 Bf5 21. Nc1
Qf6 22. Nb3 cxb5 23. Bxb5 Nc3 { Lilienthal,A-Kogan,S/Moscow 1952/MCD/0-1  ( 50
)}  )( 9. Bd3 c5 ( 9... Re8 10. Rc1 c6 11. Ne2 Bg4 12. Qc2 h6 13. Ng3 Nd7 14.
h3 Be6 15. a3 a6 16. b4 Rec8 17. Ne2 a5 18. O-O axb4 19. axb4 b5 20. Qc3 Nb6
21. Qc5 Qxc5 22. dxc5 Nc4 23. Bc2 Ra2 24. Nd4 { Boenisch,A-Klein,S/Wolfstein
1991/GER/1-0  ( 40 )}  )10. dxc5 ( 10. Ne2 Nc6 11. dxc5 d4 12. exd4 Nxd4 13.
O-O Bg4 14. f3 Nxe2+ 15. Qxe2 Qxc5+ 16. Qf2 Qxf2+ 17. Rxf2 Be6 18. Be4 Rab8 19.
Rd2 Rfd8 20. Rad1 Rxd2 21. Rxd2 Kf8 22. a3 Ke7 23. Kf2 b6 24. Rc2 Rc8 {
Smyslov,V-Geller,E/Moscow 1955/URS-ch/1/2-1/2}  )10... d4 11. Qc1 Nd7 12. b4 a5
13. a3 Ne5 14. Be2 d3 15. Bd1 d2+ 16. Qxd2 Rd8 17. Qc2 axb4 18. Be2 Qf6 19. Qc1
Rxa3 20. Rxa3 bxa3 21. Nf3 Nxf3+ 22. Bxf3 Qa6 23. Be2 Qa5+ { Blokh,D  ( 2255 )
-Golod,V  ( 2544 ) /Ashdod 2003/CBM 096 ext/0-1}  )9... Qb4+ 10. Qd2 Qxd2+ 11.
Kxd2 { White loses the right to castle}  11... Bf5 12. Bd3 Bxd3 13. Kxd3 Nd7
14. b4 c6 15. Nf3 a5 { Black threatens to win material: a5xb4}  16. Rhb1 ( 16.
a3 h6 $11 )16... axb4 17. Rxb4 Ra3+ 18. Kc2 b5 { Black has a new backward pawn:
c6}  19. Rb3 Rfa8 20. Rxa3 Rxa3 21. Nd2 Nb6 22. Kb2 { White threatens to win
material: Kb2xa3}  22... Ra6 23. Nb3 Na4+ { The knight dominates}  24. Kc2 Kf8
25. Rc1 Ke7 26. Kb1 Kd6 27. Nc5 Nxc5 28. Rxc5 { 'the rook is the rook!'}  28...
f5 29. Kb2 g5 30. Kb3 Ra8 31. Rc2 Rf8 { Black prepares f4}  32. a4 bxa4+ 33.
Kxa4 f4 { This push gains space}  34. Kb4 g4 35. Kc3 h5 ( 35... f3 36. g3 $15
)36. Kd3 ( 36. exf4 Rxf4 37. Kd3 Rf8 $11 )36... h4 ( 36... f3 37. g3 $15 )37.
g3 hxg3 38. hxg3 fxg3 39. fxg3 Rf3 { Black threatens to win material: Rf3xg3} 
40. Rg2 Rf1 41. Ke2 { White threatens to win material: Ke2xf1}  41... Ra1 42.
Kf2 $4 { instead of simply winning the game}  ( 42. Rf2 $11 $142 { would be a
reprieve} )42... c5 $19 43. dxc5+ Kxc5 44. Rg1 ( 44. e4 { desperation}  44...
d4 45. Ke2 Ra2+ 46. Kf1 Rxg2 47. Kxg2 $19 )44... Rxg1 45. Kxg1 Kc4 46. Kf1 Kd3
47. Kf2 Kd2  0-1

[Event "Lidums Checkmate Op"]
[Site "Adelaide"]
[Date "2007.07.08"]
[Round "6.24"]
[White "Dizdarevic, Mehmedalija"]
[Black "Voon, Richard"]
[Result "0-1"]
[Annotator "Fritz 10"]
[BlackElo "1903"]
[EventCountry "AUS"]
[EventDate "2007.07.07"]
[EventRounds "7"]
[EventType "swiss"]
[PlyCount "116"]
[WhiteElo "1956"]

{ B57: Classical Sicilian: Sozin with 6...Qb6 } 1. e4 c5 2. Nf3 Nc6 3. d4 cxd4
4. Nxd4 Nf6 5. Nc3 d6 6. Bc4 Qb6 7. Nxc6 bxc6 8. Bg5 $146 ( 8. Bb3 g6 ( 8...
Ba6 9. Be3 Qa5 10. Qf3 Bb7 11. O-O g6 12. g4 h6 13. h4 g5 14. h5 Qc7 15. Qg3
Bc8 16. Ba4 Bd7 17. f3 Bg7 18. Rad1 Rb8 19. Bb3 Be6 20. Rd2 Nd7 21. Rfd1 Be5
22. Qf2 a5 23. Na4 { Aliev,D  ( 2320 ) -Cernousek,L  ( 2294 ) /Baku 2002/CBM
089 ext/0-1  ( 40 )}  )9. Be3 Qa5 ( 9... Qc7 10. O-O ( 10. f4 Bg7 11. h3 O-O
12. Qd2 a5 13. a3 a4 14. Bc4 Nxe4 15. Nxe4 d5 16. Be2 dxe4 17. c3 Be6 18. O-O
Rab8 19. Bd1 Rfd8 20. Qf2 Qa5 21. Bc5 Rb7 22. Bb4 Qb5 23. Be2 Bc4 24. Bxc4 Qxc4
{ De Vlieger,E-Gara,A  ( 2290 ) /Mureck 1998/CBM 065 ext/0-1  ( 33 )}  ) 10...
Bg7 11. f3 O-O 12. Qd2 Rd8 13. Rad1 Ba6 14. Rfe1 c5 15. Nd5 Nxd5 16. exd5 c4
17. Ba4 c3 18. Qf2 cxb2 19. Bd4 Bxd4 20. Qxd4 Qc5 21. Qxc5 dxc5 22. Rxe7 Rab8
23. Ree1 Rb4 24. Bc6 { Doberitz,P  ( 1761 ) -Galazewski,T  ( 2154 )
/Leutersdorf 2006/CBM 110 ext/0-1}  )10. Qd3 Bg7 11. Qc4 O-O 12. Qa4 Qc7 13.
O-O a5 14. Qd4 Rb8 15. Qd2 Ng4 16. f3 Nxe3 17. Qxe3 e6 18. Kh1 d5 19. exd5 cxd5
20. Qd3 Qc6 21. Ba4 Qb6 22. Rfd1 Ba6 { Maksacheff,G  ( 2200 ) -Prods,A  ( 2200
) /Australia 1973/MCD/0-1  ( 40 )}  )( 8. O-O Ba6 9. Be3 Qb7 10. Bxa6 Qxa6 11.
f4 e6 12. e5 Nd5 13. Nxd5 cxd5 14. Qf3 Be7 15. Qg3 g6 16. exd6 Bxd6 17. Bd4 O-O
18. Qg5 f5 19. h4 Qc4 20. c3 Bc5 21. Bxc5 Qxc5+ 22. Kh1 Rae8 { Nirosh,D  ( 2025
) -Bakre,T  ( 2290 ) /Calicut 1998/CBM 067 ext/1/2-1/2  ( 41 )}  )( 8. Rb1 $5
$14 $142 { is interesting} )8... Qxb2 9. Bd2 Qb6 { Black's piece can't move:
f8}  10. O-O Bg4 { Black threatens to win material: Bg4xd1. Black is behind in
development.}  ( 10... g6 11. Rb1 Qc5 12. Qe2 $15 )11. Qc1 e6 { Covers d5}  12.
Rb1 { White threatens to win material: Rb1xb6}  12... Qc7 { Black has a cramped
position}  13. f3 { White threatens to win material: f3xg4}  13... Bh5 14. Be3
Be7 15. Ba6 Rb8 16. Qd2 ( 16. Rxb8+ $5 $142 { might be a viable alternative} 
16... Qxb8 17. Qd2 $11 )16... O-O $17 17. Qf2 $2 ( 17. Bf4 Bg6 $17 )17... c5 $4
{ allows the opponent back into the game}  ( 17... Qa5 $142 { and Black has it
in the bag}  18. Bb7 Qxc3 $19 )18. Bc4 $17 Rb4 19. Bd3 a5 ( 19... a6 20. Bxa6
Rxb1 21. Nxb1 $17 )20. a3 $15 Rxb1 21. Rxb1 { Black has a cramped position} 
21... Rb8 22. Qe1 ( 22. Nb5 Qc6 23. Rb2 Ra8 $17 )22... d5 ( 22... Rxb1 23. Qxb1
d5 $17 )23. exd5 $2 ( 23. Rxb8+ Qxb8 24. exd5 exd5 $15 )23... exd5 ( 23... Rxb1
24. Qxb1 c4 25. Be2 $19 )24. Bf2 $2 ( 24. Rxb8+ $5 $142 { would allow White to
play on}  24... Qxb8 25. g4 $15 )24... Rxb1 $19 25. Qxb1 c4 26. Bf1 ( 26. Nb5
Qc8 27. Bf1 Bg6 $19 )26... Bxa3 ( 26... Bc5 27. Qb5 Bxf2+ 28. Kxf2 $19 )27. g4
( 27. Nb5 Qe7 28. Nxa3 Qxa3 29. Qb8+ Qf8 $17 )27... Bg6 ( 27... Bb4 28. Na2 Bg6
29. Nxb4 axb4 30. Qxb4 Bxc2 31. g5 $19 )28. g5 ( 28. Nb5 $5 $142 Qe7 29. g5 $19
)28... Bb4 $19 29. Qe1 Bxc3 30. Qxc3 Nd7 31. Qd4 $6 { offers little resistance}
 ( 31. Qd2 Qc6 $19 )31... Qe5 ( { Not } 31... Bxc2 32. Qxd5 Bb3 33. Bh3 $19
)32. Qd2 ( 32. Qa7 { doesn't change the outcome of the game}  32... Qxg5+ 33.
Bg2 Nf8 $19 )32... c3 33. Qc1 Nf8 34. f4 Qf5 35. Bg2 ( 35. Bd4 { does not
improve anything}  35... Ne6 36. Qe3 h6 37. Bxc3 hxg5 $19 )35... Ne6 36. Bg3 (
36. Qe1 { there is nothing better in the position}  36... h5 37. Qxc3 Nxf4 38.
Qd2 $19 )36... h6 ( 36... d4 $142 { and Black wins}  37. Qf1 Qxc2 38. Bf3 $19
)37. gxh6 gxh6 ( 37... d4 $142 { might be the shorter path}  38. hxg7 Qxc2 39.
Qxc2 Bxc2 40. Kf1 $19 )38. Qb1 ( 38. Bf3 { the only chance to get some
counterplay}  38... d4 39. Bd1 $19 )38... d4 39. Qb8+ ( 39. Bf3 { is not much
help}  39... Qxc2 40. Qxc2 Bxc2 $19 )39... Kh7 40. h3 ( 40. Qb1 { doesn't do
any good}  40... Qxc2 41. Qxc2 Bxc2 $19 )40... Qxc2 ( 40... d3 $5 $142 { makes
it even easier for Black}  41. cxd3 c2 42. Qc8 Qxd3 43. Kh2 $19 )41. f5 Qxf5
42. Be5 Ng7 ( 42... Qb1+ $142 { and Black can already relax}  43. Qxb1 Bxb1 44.
Bd6 $19 )43. Bxd4 c2 44. Qb2 ( 44. Bb2 { doesn't improve anything}  44... Qc5+
45. Kh2 a4 $19 )44... Ne6 ( 44... Qg5 45. Bxg7 c1=Q+ 46. Qxc1 Qxc1+ 47. Kf2
Qd2+ 48. Kf1 Kxg7 49. Bc6 Qc1+ 50. Ke2 Qxc6 51. h4 Qc4+ 52. Kf2 Qd4+ 53. Ke1
Bh5 54. Kf1 Qb2 55. Kg1 Bf3 56. Kf1 Qe2+ 57. Kg1 Qg2# )45. Be5 ( 45. Be3 Nf4
46. Kh2 Ne2 $19 )45... Qd3 ( 45... Qg5 46. Kf1 Bd3+ 47. Kf2 Qd2+ 48. Kg1 c1=Q+
49. Qxc1 Qxc1+ 50. Kf2 Qc5+ 51. Kg3 Qxe5+ 52. Kf2 Qd4+ 53. Ke1 Qe3+ 54. Kd1
Qe2+ 55. Kc1 Qc2# )46. Kh2 Qe3 47. Qb8 Qxe5+ $1 { Black should return material}
 48. Qxe5 c1=Q 49. Qxa5 ( 49. h4 { cannot undo what has already been done} 
49... h5 50. Bf3 Qd2+ 51. Kg3 Nd4 52. Bxh5 Nf5+ 53. Kg4 Qg2+ 54. Kf4 Qf2+ 55.
Ke4 Bxh5 $19 )49... Qf4+ 50. Kg1 Qg3 51. Qa4 Nf4 52. Qa8 Nxh3+ 53. Kh1 Nf2+ 54.
Kg1 Ng4 ( 54... Be4 $1 55. Kf1 Bd3+ 56. Kg1 Ng4 57. Qh8+ Kxh8 58. Kh1 Qh2# )55.
Qf3 $19 Qxf3 ( 55... Qe1+ $142 { nails it down}  56. Bf1 h5 57. Qf4 $19 )56.
Bxf3 h5 57. Kg2 Kh6 58. Kg3 Kg5 ( 58... Kg5 59. Bc6 h4+ 60. Kg2 Bd3 $19 ) 0-1

[Event "Lidums Checkmate Op"]
[Site "Adelaide"]
[Date "2007.07.08"]
[Round "6.25"]
[White "Cooke, Tristrom P"]
[Black "Whitney, Garth"]
[Result "1-0"]
[Annotator "Fritz 10"]
[BlackElo "1034"]
[EventCountry "AUS"]
[EventDate "2007.07.07"]
[EventRounds "7"]
[EventType "swiss"]
[PlyCount "85"]
[WhiteElo "1549"]

{ B08: Pirc Defence: Classical System } 1. e4 g6 2. d4 Bg7 3. Nf3 d6 4. Nc3 Nf6
5. Bc4 O-O 6. Bf4 ( 6. e5 Ne8 7. Qe2 Bg4 8. Bf4 c5 9. dxc5 dxe5 10. Bxe5 Bxf3
11. gxf3 Nc6 12. Bxg7 Nxg7 13. Bd5 Qa5 14. Qb5 Qc7 15. O-O-O Nf5 16. Be4 Nfd4
17. Qc4 Qf4+ 18. Kb1 Nxf3 19. Qe2 Nfd4 20. Qe1 Rad8 { Vojinovic,G  ( 2474 )
-Nikolic,B  ( 2244 ) /Dimitrovgrad 2003/CBM 093 ext/1-0}  )6... Bg4 $146 ( 6...
c5 7. dxc5 Qa5 8. cxd6 Nxe4 9. dxe7 Bxc3+ 10. bxc3 Re8 11. O-O Rxe7 12. Bb3 Nc6
13. Re1 Bf5 14. Qd5 Qxc3 15. Rad1 Qf6 16. Qc4 b5 17. Qxb5 Nc3 18. Bg5 Rxe1+ 19.
Rxe1 Nd4 20. Bxf6 Nxf3+ 21. gxf3 { Fenoglio,V-Pulcherio,C/Buenos Aires
1935/HCL/1/2-1/2  ( 36 )}  )( 6... a6 7. a4 c5 8. d5 ( 8. dxc5 dxc5 9. Qxd8
Rxd8 10. O-O Rd7 11. Ne5 Rd4 12. Bxf7+ Kh8 13. Be3 Rb4 14. Bb3 Nxe4 15. Nf7+
Kg8 16. Ng5+ c4 17. Ngxe4 cxb3 18. Bc5 Bxc3 19. Nxc3 Rc4 20. Bxe7 bxc2 21. Rfc1
Bf5 22. Nd5 Nc6 { Brown,C-Cleeves,M/Swansea 2006/CBM 113 ext/0-1  ( 60 )} 
)8... Qa5 9. O-O Qb4 10. Qd3 Nbd7 11. Na2 Qb6 12. Rfb1 Qc7 13. c3 Nb6 14. Nc1
Bd7 15. b3 Nxc4 16. bxc4 e5 17. Bg5 Rab8 18. Rb2 Rfd8 19. Ne2 a5 20. h3 b6 21.
Qc2 { Lobo,R-Cleeves,M/Swansea 2006/CBM 113 ext/1-0  ( 80 )}  )( 6... Nxe4 7.
Nxe4 d5 8. Qe2 $11 )7. Qd2 { Black has a cramped position}  ( 7. h3 Bxf3 8.
Qxf3 Nbd7 $14 )7... Nbd7 8. h3 Bxf3 9. gxf3 e5 ( 9... a6 10. Be2 $14 )10. dxe5
Nxe5 11. Be2 c6 ( 11... b5 $5 $16)12. O-O-O $18 b5 ( 12... Qa5 $5 13. Qxd6 Rfe8
$18 )13. Qxd6 Nc4 $2 ( 13... Nfd7 14. Be3 Qa5 15. f4 $18 )14. Qxd8 ( 14. Qxc6
$142 { seems even better}  14... Qc8 15. Qxc8 Rfxc8 16. Bxc4 bxc4 17. Be3 $18
)14... Raxd8 15. Bxc4 bxc4 16. Rxd8 Rxd8 17. Rd1 Rxd1+ 18. Nxd1 Nd7 19. Ne3 Bd4
( 19... c3 20. b4 $16 )20. c3 ( 20. Nxc4 Bxf2 21. Na5 c5 $18 )20... Be5 ( 20...
Bxe3+ 21. fxe3 Kg7 $18 )21. Bg3 Bxg3 22. fxg3 Ne5 23. f4 Nd3+ 24. Kc2 Nf2 25.
e5 Nxh3 26. Nxc4 Nf2 27. b4 ( 27. Na5 $5 Nh1 28. g4 h5 29. gxh5 gxh5 $18 )27...
Ne4 28. Na5 ( 28. g4 h5 29. Nd6 Ng3 $18 )28... Nxg3 $16 29. Nxc6 ( 29. Kd3 h5
30. Ke3 Nf5+ 31. Kf3 Ne7 $16 )29... h5 30. Nd4 Nf5 $4 { the position is going
down the drain}  ( 30... h4 $142 31. Nf3 h3 $16 )31. Nxf5 $18 gxf5 ( 31... f6 {
a fruitless try to alter the course of the game}  32. Nh6+ Kg7 33. c4 fxe5 34.
fxe5 Kxh6 35. c5 $18 )32. Kd2 Kg7 33. c4 Kh6 ( 33... h4 { hardly improves
anything}  34. Ke3 f6 35. exf6+ Kxf6 36. Kf2 $18 )34. Ke3 ( 34. c5 $142 { and
White has triumphed}  34... h4 35. c6 a5 $18 )34... h4 ( 34... Kg7 { is not the
saving move}  35. c5 Kf8 36. b5 $18 )35. Kf3 ( 35. c5 { keeps an even firmer
grip}  35... h3 36. Kf3 h2 $18 )35... Kh5 36. c5 h3 37. Kg3 h2 38. Kxh2 Kg4 39.
c6 Kxf4 40. c7 Ke3 41. c8=Q f4 42. Qc3+ ( 42. Qc4 a6 43. Qxf7 Kd2 44. Qxf4+ Kc3
45. e6 Kc2 46. Qc4+ Kb1 47. Qb3+ Ka1 48. e7 a5 49. e8=Q axb4 50. Qe5# )42...
Ke2 43. Kg2  1-0